Fr. Conceicao Rodrigues College of Engineering

Steel Foundry Practice (Record no. 30583)

MARC details
000 -LEADER
fixed length control field 00276nam a2200133Ia 4500
082 ## - DEWEY DECIMAL CLASSIFICATION NUMBER
Classification number 672.2
100 ## - MAIN ENTRY--PERSONAL NAME
Personal name Bidulya/P
245 ## - TITLE STATEMENT
Title Steel Foundry Practice
260 ## - PUBLICATION, DISTRIBUTION, ETC.
Name of publisher, distributor, etc. Mir publishers
Place of publication, distribution, etc. Moscow
Date of publication, distribution, etc. 1968
300 ## - PHYSICAL DESCRIPTION
Extent 319
546 ## - LANGUAGE NOTE
Language note ENGLISH
654 ## - SUBJECT ADDED ENTRY--FACETED TOPICAL TERMS
Focus term Foundry
942 ## - ADDED ENTRY ELEMENTS (KOHA)
Koha item type BOOK
Holdings
Withdrawn status Lost status Damaged status Not for loan Collection Home library Current library Shelving location Date acquired Cost, normal purchase price Total Checkouts Full call number Barcode Date last seen Cost, replacement price Price effective from Koha item type
        AFT Fr. Agnel's C.Rodrigues College of Engineering Fr. Agnel's C.Rodrigues College of Engineering   17/03/2023 6.00   672.2 AFT45 17/03/2023 6.00 17/03/2023 BOOK